书目信息 |
| 题名: |
儒教与道教
|
|
| 作者: | 马克斯·韦伯 ;洪天富 | |
| 分册: | ||
| 出版信息: | 南京 江苏人民出版社 2003 |
|
| 页数: | 197 | |
| 开本: | 20cm | |
| 丛书名: | 海外中国研究丛书 | |
| 单 册: | ||
| 中图分类: | B92 | |
| 科图分类: | ||
| 主题词: | 宗教 | |
| 电子资源: | ||
| ISBN: | 7-214-01132-8 | |
| 000 | 00628nam0 2200217 450 | |
| 001 | 0735257515 | |
| 005 | 20070904094737.51 | |
| 010 | @a7-214-01132-8 | |
| 100 | @a20070904d km y0chiy0120 ea | |
| 101 | 0 | @achi |
| 200 | 1 | @a儒教与道教@Aru jiao yu dao jiao@f马克斯·韦伯@Fma ke si·wei bo@g洪天富@Ghong tian fu |
| 210 | @a南京@c江苏人民出版社@d2003 | |
| 215 | @a197@c14@d20cm | |
| 225 | 2 | @a海外中国研究丛书 |
| 410 | 0 | @12001 @a海外中国研究丛书 |
| 606 | 0 | @a宗教 |
| 690 | @aB92@v3 | |
| 701 | 0 | @a马克斯·韦伯@Ama ke si·wei bo |
| 702 | 0 | @a洪天富@Ahong tian fu |
| 801 | 0 | @aCN@bPFT@c20070904 |
| 905 | @a213230@dB92@ea19@f1 | |
| 儒教与道教/马克斯·韦伯/洪天富.-南京:江苏人民出版社,2003 |
| 197:14;20cm.-(海外中国研究丛书) |
| ISBN 7-214-01132-8: |
| ● |
| 相关链接 |
|
|
|
|
正题名:儒教与道教
索取号:B92/a19
 
预约/预借
| 序号 | 登录号 | 条形码 | 馆藏地/架位号 | 状态 | 备注 |
| 1 | 7500861 | 275008616 | 史法系资料室/ [索取号:B92/a19] | 在馆 |